| 000 | 00383nam a22001577a 4500 | ||
|---|---|---|---|
| 999 |
_c196203 _d196203 |
||
| 005 | 20230606145936.0 | ||
| 010 | _aB-680731 | ||
| 020 | _c560.00 | ||
| 035 | _aB-680731 | ||
| 100 | _aMehta | ||
| 245 |
_apublic installation in india / _c by Mehta |
||
| 260 |
_aDelhi _bPansy Books |
||
| 270 |
_aSomesh Vihar,Chhawla, _bDelhi _e110071 |
||
| 300 |
_avp. _c22cm |
||
| 942 |
_2ddc _cEN _mMEH |
||